[Event "Legnica Voivoda Cup 32nd"]
[Site "Legnica"]
[Date "2016.11.30"]
[Round "9"]
[White "Nosenko, Alexander"]
[Black "Czarnota, Pawel"]
[Result "1/2-1/2"]
[WhiteElo "2524"]
[BlackElo "2554"]
[PlyCount "35"]
[EventDate "2016.11.24"]
[EventType "tourn"]
[EventRounds "9"]
[EventCountry "POL"]
[EventCategory "9"]
[SourceTitle "CBM 175 Extra"]
[Source "ChessBase"]
[SourceDate "2016.12.12"]
[SourceVersion "1"]
[SourceVersionDate "2016.12.12"]
[SourceQuality "1"]

1. e4 e6 2. d4 d5 3. exd5 exd5 4. Bd3 Bd6 5. Nf3 Nf6 6. 0-0 0-0 7. c3 c6 8. Bg5 Bg4 9. Nbd2 Nbd7 10. Qc2 Qc7 11. Rfe1 Rfe8 12. Bh4 Bh5 13. Bg3 Bg6 14. Kf1 Kf8 15. Kg1 Kg8 16. Kf1 Kf8 17. Kg1 Kg8 18. Kf1 1/2-1/2

[Event "Panevezys GM"]
[Site "Panevezys"]
[Date "2016.06.09"]
[Round "5"]
[White "Pultinevicius, Paulius"]
[Black "Nosenko, Alexander"]
[Result "0-1"]
[WhiteElo "2326"]
[BlackElo "2537"]
[PlyCount "98"]
[EventDate "2016.06.06"]
[EventType "tourn"]
[EventRounds "9"]
[EventCountry "LTU"]
[EventCategory "8"]
[SourceTitle "CBM 172 Extra"]
[Source "ChessBase"]
[SourceDate "2016.06.21"]
[SourceVersion "1"]
[SourceVersionDate "2016.06.21"]
[SourceQuality "1"]

1. Nf3 d5 2. c4 d4 3. b4 f6 4. e3 c5 5. bxc5 e5 6. exd4 exd4 7. d3 Bxc5 8. Be2 Ne7 9. 0-0 0-0 10. Nbd2 b6 11. Nb3 Bf5 12. Nxc5 bxc5 13. Ba3 Nd7 14. Nd2 Qc7 15. Nb3 Rfe8 16. Re1 Ng6 17. Bf1 Rxe1 18. Qxe1 a5 19. Qd1 Rc8 20. Qf3 Be6 21. Re1 Bf7 22. Nd2 Nge5 23. Qg3 Bg6 24. Ne4 Qc6 25. f3 Rb8 26. Bc1 Rb1 27. Nd2 Rb8 28. f4 Nf7 29. Be2 Nd6 30. Bf3 Qc7 31. f5 Bxf5 32. Re7 g5 33. Bd5+ Kh8 34. Ne4 Bxe4 35. Bxe4 Rb1 36. Qe1 Qd8 37. Rxh7+ Kg8 38. Rh3 Ne5 39. Bd5+ Kg7 40. Kf2 Qe7 41. Qd1 Ndf7 42. Be4 Qe6 43. Qc2 Rb8 44. Qd1 Re8 45. Kg1 Nxc4 46. Rh7+ Kg8 47. Qh5 Nce5 48. h4 f5 49. Bb7 Ng4 0-1

[Event "Liberec op 15th"]
[Site "Liberec"]
[Date "2015.02.20"]
[Round "8"]
[White "Nagy, Gabor"]
[Black "Nosenko, Alexander"]
[Result "0-1"]
[WhiteElo "2391"]
[BlackElo "2525"]
[PlyCount "116"]
[EventDate "2015.02.14"]
[EventType "swiss"]
[EventRounds "9"]
[EventCountry "CZE"]
[SourceTitle "CBM 164 Extra"]
[Source "ChessBase"]
[SourceDate "2015.03.02"]
[SourceVersion "1"]
[SourceVersionDate "2015.03.02"]
[SourceQuality "1"]

1. e4 g6 2. d4 Bg7 3. Nc3 d6 4. Nf3 c6 5. Be2 b5 6. a3 a6 7. 0-0 Nd7 8. Be3 Qc7 9. Qd2 Ngf6 10. h3 0-0 11. b4 Bb7 12. Rfd1 Rfd8 13. Bh6 c5 14. Bxg7 Kxg7 15. bxc5 dxc5 16. e5 Nxe5 17. dxe5 Rxd2 18. exf6+ Kxf6 19. Rxd2 Rd8 20. Rxd8 Qxd8 21. Nd1 Qa5 22. Kf1 e5 23. Ne1 e4 24. c3 Bc8 25. Bg4 Bxg4 26. hxg4 Qa4 27. Ne3 b4 28. c4 a5 29. Ke2 Qb3 30. axb4 Qb2+ 31. N1c2 cxb4 32. Rxa5 b3 33. g5+ Kg7 34. Kd2 bxc2 35. Nxc2 Qb6 36. Rd5 Qxf2+ 37. Kc3 Qg3+ 38. Kb4 Qf2 39. Nd4 Qb2+ 40. Kc5 h6 41. Kd6 e3 42. c5 e2 43. gxh6+ Kxh6 44. Nxe2 Qxe2 45. c6 Qe6+ 46. Kc5 Qe7+ 47. Kb6 Qe6 48. Kc5 Qc8 49. Rd7 f5 50. Kd6 Qa6 51. Rf7 Kg5 52. Kd7 Qd3+ 53. Kc7 f4 54. Rd7 Qa6 55. Rd5+ Kg4 56. Kd7 f3 57. c7 f2 58. Rd6 f1Q 0-1

[Event "Lienz op-A 18th"]
[Site "Lienz"]
[Date "2015.02.11"]
[Round "6"]
[White "Nosenko, Alexander"]
[Black "Korneev, Oleg"]
[Result "1/2-1/2"]
[WhiteElo "2525"]
[BlackElo "2597"]
[PlyCount "22"]
[EventDate "2015.02.07"]
[EventType "swiss"]
[EventRounds "9"]
[EventCountry "AUT"]
[SourceTitle "CBM 164 Extra"]
[Source "ChessBase"]
[SourceDate "2015.03.02"]
[SourceVersion "1"]
[SourceVersionDate "2015.03.02"]
[SourceQuality "1"]

1. d4 d5 2. c4 e6 3. Nf3 Nf6 4. Nc3 c6 5. e3 Nbd7 6. Qc2 Bd6 7. Bd3 0-0 8. 0-0 dxc4 9. Bxc4 b5 10. Bd3 Bb7 11. Ng5 h6 1/2-1/2

[Event "Lienz op-A 18th"]
[Site "Lienz"]
[Date "2015.02.08"]
[Round "3"]
[White "Koepke, Christian"]
[Black "Nosenko, Alexander"]
[Result "0-1"]
[WhiteElo "2332"]
[BlackElo "2525"]
[PlyCount "62"]
[EventDate "2015.02.07"]
[EventType "swiss"]
[EventRounds "9"]
[EventCountry "AUT"]
[SourceTitle "CBM 164 Extra"]
[Source "ChessBase"]
[SourceDate "2015.03.02"]
[SourceVersion "1"]
[SourceVersionDate "2015.03.02"]
[SourceQuality "1"]

1. e4 e6 2. d4 d5 3. Nc3 Bb4 4. exd5 exd5 5. Bd3 Nc6 6. a3 Be7 7. Nce2 Bd6 8. c3 Nf6 9. Ng3 0-0 10. N1e2 b6 11. 0-0 Re8 12. Qc2 Na5 13. Nf5 Bxf5 14. Bxf5 g6 15. Bh3 Ne4 16. g3 c5 17. Nf4 cxd4 18. cxd4 Bf8 19. b3 f5 20. Bb2 Rc8 21. Qd3 Bh6 22. Ne2 Nd2 23. Rfc1 Naxb3 24. Rxc8 Qxc8 25. Rd1 Qc4 26. Nc1 Nxc1 27. Qxc4 dxc4 28. Bxc1 c3 29. Bf1 Nf3+ 30. Kg2 Ne1+ 31. Kg1 c2 0-1

[Event "Lienz op-A 18th"]
[Site "Lienz"]
[Date "2015.02.08"]
[Round "2"]
[White "Nosenko, Alexander"]
[Black "Borsos, Bogdan"]
[Result "1/2-1/2"]
[WhiteElo "2525"]
[BlackElo "2219"]
[PlyCount "81"]
[EventDate "2015.02.07"]
[EventType "swiss"]
[EventRounds "9"]
[EventCountry "AUT"]
[SourceTitle "CBM 164 Extra"]
[Source "ChessBase"]
[SourceDate "2015.03.02"]
[SourceVersion "1"]
[SourceVersionDate "2015.03.02"]
[SourceQuality "1"]

1. d4 Nf6 2. c4 e6 3. Nc3 Bb4 4. e3 0-0 5. Nge2 c6 6. a3 Ba5 7. Bd2 d5 8. Ng3 Bc7 9. Rc1 Nbd7 10. cxd5 exd5 11. Bd3 Re8 12. 0-0 Nf8 13. f3 Ng6 14. Qc2 Be6 15. Nce2 Rc8 16. Nf5 Bb8 17. Be1 Nd7 18. Bf2 c5 19. Qd2 c4 20. Bb1 b5 21. Neg3 Nf6 22. Ne2 Qc7 23. Bg3 Qb6 24. Bxb8 Rxb8 25. Nfg3 b4 26. e4 bxa3 27. bxa3 Qb2 28. Bc2 dxe4 29. fxe4 Bg4 30. Nc3 Qxa3 31. h3 Be6 32. Rxf6 gxf6 33. Nh5 Kh8 34. Nxf6 Rg8 35. Kh1 Rg7 36. Nh5 Rgg8 37. d5 Qd6 38. Rf1 Qe5 39. dxe6 fxe6 40. Qh6 Rbf8 41. Rd1 1/2-1/2

[Event "Lienz op-A 18th"]
[Site "Lienz"]
[Date "2015.02.07"]
[Round "1"]
[White "Thoma, Wilhelm"]
[Black "Nosenko, Alexander"]
[Result "0-1"]
[WhiteElo "2071"]
[BlackElo "2525"]
[PlyCount "84"]
[EventDate "2015.02.07"]
[EventType "swiss"]
[EventRounds "9"]
[EventCountry "AUT"]
[SourceTitle "CBM 164 Extra"]
[Source "ChessBase"]
[SourceDate "2015.03.02"]
[SourceVersion "1"]
[SourceVersionDate "2015.03.02"]
[SourceQuality "1"]

1. d4 f5 2. g3 Nf6 3. Bg2 g6 4. Nf3 Bg7 5. 0-0 0-0 6. c4 d6 7. Nc3 Nc6 8. d5 Na5 9. Qd3 e5 10. dxe6 Bxe6 11. b3 Nc6 12. Bb2 Ne4 13. Rac1 Re8 14. e3 a5 15. Rfd1 a4 16. Qb1 axb3 17. axb3 Nc5 18. Nd5 Bxb2 19. Qxb2 Ne4 20. Nd2 Ne5 21. Nxe4 fxe4 22. Bxe4 Bg4 23. Rf1 c6 24. Nc3 Qe7 25. f3 Bf5 26. Rce1 d5 27. Bxf5 gxf5 28. Qc2 dxc4 29. bxc4 Nxc4 30. e4 b5 31. exf5 Qxe1 32. Rxe1 Rxe1+ 33. Kf2 Rf1+ 34. Ke2 Rh1 35. Ne4 Rxh2+ 36. Nf2 Re8+ 37. Kd3 Re3+ 38. Kd4 Re5 39. Qc1 c5+ 40. Kc3 Re3+ 41. Nd3 Ra2 42. Qh1 Rd2 0-1

[Event "Prague op-A 14th"]
[Site "Prague"]
[Date "2015.01.14"]
[Round "7"]
[White "Nosenko, Alexander"]
[Black "Hauge, Lars Oskar"]
[Result "1-0"]
[WhiteElo "2506"]
[BlackElo "2356"]
[PlyCount "59"]
[EventDate "2015.01.09"]
[EventType "swiss"]
[EventRounds "9"]
[EventCountry "CZE"]
[SourceTitle "CBM 164 Extra"]
[Source "ChessBase"]
[SourceDate "2015.03.02"]
[SourceVersion "1"]
[SourceVersionDate "2015.03.02"]
[SourceQuality "1"]

1. d4 Nf6 2. c4 g6 3. Nc3 Bg7 4. e4 0-0 5. f3 d6 6. Be3 c6 7. Qd2 a6 8. Bd3 b5 9. Nge2 Nbd7 10. 0-0 Qc7 11. Rac1 b4 12. Na4 c5 13. Rfd1 Bb7 14. dxc5 dxc5 15. Bc2 Bc6 16. Nxc5 Nxc5 17. Bxc5 Bxe4 18. Qxb4 Rab8 19. Qa3 Ng4 20. fxg4 Bxb2 21. Qe3 Bxc1 22. Rxc1 Bxc2 23. Rxc2 Rb1+ 24. Kf2 Rc8 25. Bd4 Qa5 26. Qxe7 Qe1+ 27. Ke3 Rbb8 28. Qf6 Kf8 29. Be5 Ra8 30. Rd2 1-0

[Event "Prague op-A 14th"]
[Site "Prague"]
[Date "2015.01.10"]
[Round "3"]
[White "Nosenko, Alexander"]
[Black "Burnett, Andrew"]
[Result "1-0"]
[WhiteElo "2506"]
[BlackElo "2274"]
[PlyCount "57"]
[EventDate "2015.01.09"]
[EventType "swiss"]
[EventRounds "9"]
[EventCountry "CZE"]
[SourceTitle "CBM 164 Extra"]
[Source "ChessBase"]
[SourceDate "2015.03.02"]
[SourceVersion "1"]
[SourceVersionDate "2015.03.02"]
[SourceQuality "1"]

1. d4 Nf6 2. c4 c5 3. d5 e5 4. Nc3 d6 5. e4 Nbd7 6. Bd3 g6 7. h3 a6 8. Be3 Bg7 9. g4 h5 10. g5 Nh7 11. h4 Nb6 12. Qd2 Bd7 13. b3 Nc8 14. Nge2 Qa5 15. f4 exf4 16. Bxf4 0-0 17. 0-0 Bg4 18. Rae1 f6 19. gxf6 Bxf6 20. e5 Bxh4 21. Ng3 Ne7 22. exd6 Nf5 23. Nxf5 gxf5 24. Re6 Bf6 25. Ne4 Bd4+ 26. Kh1 fxe4 27. Qxa5 exd3 28. Qd2 Be2 29. Rxe2 1-0

[Event "Prague op-A 14th"]
[Site "Prague"]
[Date "2015.01.10"]
[Round "2"]
[White "Shamima, Akter Liza"]
[Black "Nosenko, Alexander"]
[Result "0-1"]
[WhiteElo "2181"]
[BlackElo "2506"]
[PlyCount "58"]
[EventDate "2015.01.09"]
[EventType "swiss"]
[EventRounds "9"]
[EventCountry "CZE"]
[SourceTitle "CBM 164 Extra"]
[Source "ChessBase"]
[SourceDate "2015.03.02"]
[SourceVersion "1"]
[SourceVersionDate "2015.03.02"]
[SourceQuality "1"]

1. d4 Nf6 2. c4 e6 3. Nc3 c5 4. d5 exd5 5. cxd5 Bd6 6. Nf3 0-0 7. Bg5 Re8 8. Nd2 Be7 9. Nc4 d6 10. Bf4 Bf5 11. e3 Ne4 12. Nxe4 Bxe4 13. a4 Na6 14. Bd3 Bxd3 15. Qxd3 Nb4 16. Qd2 f5 17. 0-0 b6 18. Ra3 Qc7 19. e4 fxe4 20. Rg3 Rad8 21. Ne3 Bf8 22. Ng4 Kh8 23. Qc3 Nxd5 24. Qd2 Qf7 25. Bg5 Rd7 26. Rd1 Nb4 27. Qc3 d5 28. Nf6 d4 29. Rh3 gxf6 0-1

[Event "Legnica Voivoda Cup 30th"]
[Site "Legnica"]
[Date "2014.11.25"]
[Round "8"]
[White "Nosenko, Alexander"]
[Black "Stachowiak, Kamil"]
[Result "1-0"]
[WhiteElo "2510"]
[BlackElo "2448"]
[PlyCount "101"]
[EventDate "2014.11.20"]
[EventType "tourn"]
[EventRounds "9"]
[EventCountry "POL"]
[EventCategory "8"]
[SourceTitle "CBM 163 Extra"]
[Source "ChessBase"]
[SourceDate "2014.12.23"]
[SourceVersion "1"]
[SourceVersionDate "2014.12.23"]
[SourceQuality "1"]

1. d4 Nf6 2. c4 c5 3. d5 b5 4. Nd2 bxc4 5. e4 c3 6. bxc3 g6 7. Rb1 Bg7 8. Bd3 0-0 9. Ne2 d6 10. 0-0 Qc7 11. c4 Nbd7 12. f4 e6 13. h3 Re8 14. Qc2 Nb6 15. Nc3 Ba6 16. a4 exd5 17. exd5 Re7 18. Nf3 Rae8 19. Rd1 h6 20. a5 Nbd7 21. Bd2 Nf8 22. Kh2 Qd8 23. Qa4 Qc8 24. Rb3 Nh5 25. Rdb1 Rc7 26. Nb5 Rd7 27. f5 Qd8 28. Nc3 Bc8 29. Rb8 Rde7 30. fxg6 fxg6 31. Qc2 Nd7 32. Rxc8 Qxc8 33. Bxg6 Nhf6 34. Bxe8 Qxe8 35. Bf4 Qh5 36. Kg1 Ne8 37. Rf1 a6 38. Bg3 Re3 39. Ne2 Ndf6 40. Nf4 Qf7 41. Ne6 Nh5 42. Bh2 Rc3 43. Qe2 Qg6 44. Nh4 Ng3 45. Qf2 Qxe6 46. dxe6 Bd4 47. Bxg3 Rxg3 48. e7 Kh7 49. Qxd4 cxd4 50. Rf8 Rg8 51. Kf2 1-0

[Event "Legnica Voivoda Cup 30th"]
[Site "Legnica"]
[Date "2014.11.24"]
[Round "6"]
[White "Nosenko, Alexander"]
[Black "Cyborowski, Lukasz"]
[Result "1/2-1/2"]
[WhiteElo "2510"]
[BlackElo "2512"]
[PlyCount "37"]
[EventDate "2014.11.20"]
[EventType "tourn"]
[EventRounds "9"]
[EventCountry "POL"]
[EventCategory "8"]
[SourceTitle "CBM 163 Extra"]
[Source "ChessBase"]
[SourceDate "2014.12.23"]
[SourceVersion "1"]
[SourceVersionDate "2014.12.23"]
[SourceQuality "1"]

1. d4 d5 2. c4 c6 3. cxd5 cxd5 4. Nc3 Nf6 5. Nf3 Nc6 6. Bf4 Bf5 7. e3 e6 8. Bd3 Bxd3 9. Qxd3 Bd6 10. Bxd6 Qxd6 11. 0-0 0-0 12. Rfc1 Rfc8 13. h3 Nd7 14. Rab1 Nb4 15. Qe2 Nc6 16. Qd3 Nb4 17. Qe2 Nc6 18. Qd3 Nb4 19. Qe2 1/2-1/2

[Event "Legnica Voivoda Cup 30th"]
[Site "Legnica"]
[Date "2014.11.21"]
[Round "3"]
[White "Nosenko, Alexander"]
[Black "Czarnota, Pawel"]
[Result "1-0"]
[WhiteElo "2510"]
[BlackElo "2529"]
[PlyCount "81"]
[EventDate "2014.11.20"]
[EventType "tourn"]
[EventRounds "9"]
[EventCountry "POL"]
[EventCategory "8"]
[SourceTitle "CBM 163 Extra"]
[Source "ChessBase"]
[SourceDate "2014.12.23"]
[SourceVersion "1"]
[SourceVersionDate "2014.12.23"]
[SourceQuality "1"]

1. d4 Nf6 2. c4 g6 3. Nc3 Bg7 4. e4 d6 5. Bd3 0-0 6. Nge2 e5 7. d5 c5 8. 0-0 Nh5 9. f3 f5 10. exf5 gxf5 11. Qc2 Qf6 12. Be3 Bh6 13. Bf2 Kh8 14. Kh1 Rg8 15. a3 Na6 16. Rab1 Bd7 17. b4 b6 18. Nb5 Rg7 19. g3 Re8 20. Nec3 e4 21. Be2 Nf4 22. bxc5 bxc5 23. Bd1 Nd3 24. Bg1 Qg6 25. Be2 f4 26. Nxe4 fxg3 27. hxg3 Nf4 28. Bh2 Bh3 29. Rf2 Nxe2 30. Qxe2 Rge7 31. Re1 Rxe4 32. fxe4 Bg4 33. Qd3 Bg7 34. Nxa7 Bd4 35. Rf4 Be5 36. Nc6 Bxf4 37. gxf4 Qh5 38. Re3 Qh4 39. Rg3 h5 40. e5 Nc7 41. Qg6 1-0

[Event "Elets Rector Cup"]
[Site "Elets"]
[Date "2014.08.10"]
[Round "9"]
[White "Nosenko, Alexander"]
[Black "Airapetian, Gor"]
[Result "0-1"]
[WhiteElo "2508"]
[BlackElo "2486"]
[PlyCount "108"]
[EventDate "2014.08.02"]
[EventType "tourn"]
[EventRounds "9"]
[EventCountry "RUS"]
[EventCategory "9"]
[SourceTitle "EXT 2016"]
[Source "ChessBase"]
[SourceDate "2015.10.08"]
[SourceVersion "1"]
[SourceVersionDate "2015.10.08"]
[SourceQuality "1"]

1. d4 Nf6 2. c4 e6 3. Nc3 Bb4 4. e3 c5 5. Nge2 b6 6. a3 Ba5 7. Rb1 Na6 8. f3 d5 9. b4 cxb4 10. axb4 Bxb4 11. Rxb4 Nxb4 12. Qa4+ Bd7 13. Qxb4 a5 14. Qb3 dxc4 15. Qxc4 0-0 16. Ba3 Re8 17. Kf2 Rc8 18. Qb3 Qc7 19. g3 Qc6 20. Bg2 b5 21. Bc5 b4 22. Ne4 Nxe4+ 23. fxe4 e5 24. Ra1 Ra8 25. Nc1 Qf6+ 26. Kg1 Qh6 27. dxe5 Qe6 28. Qb2 Qc4 29. Bd4 Be6 30. Bf1 Qc6 31. Nd3 Reb8 32. Qd2 b3 33. Rxa5 Rxa5 34. Qxa5 Qxe4 35. Qa7 Ra8 36. Bg2 b2 37. Bxb2 Qxg2+ 38. Kxg2 Bd5+ 39. Kf2 Rxa7 40. Bd4 Ra3 41. Nc1 h5 42. h4 Kh7 43. Ne2 Kh6 44. Nf4 Ra2+ 45. Ke1 Be6 46. Bc5 Bg4 47. Bd6 Ra8 48. Be7 Re8 49. Bd6 g5 50. hxg5+ Kxg5 51. Nd5 Rg8 52. Nf6 Kf5 53. e4+ Kg6 54. Nd5 Ra8 0-1

[Event "Elets Rector Cup"]
[Site "Elets"]
[Date "2014.08.03"]
[Round "2"]
[White "Nosenko, Alexander"]
[Black "Gladyszev, Oleg"]
[Result "1-0"]
[WhiteElo "2508"]
[BlackElo "2438"]
[PlyCount "73"]
[EventDate "2014.08.02"]
[EventType "tourn"]
[EventRounds "9"]
[EventCountry "RUS"]
[EventCategory "9"]
[SourceTitle "EXT 2016"]
[Source "ChessBase"]
[SourceDate "2015.10.08"]
[SourceVersion "1"]
[SourceVersionDate "2015.10.08"]
[SourceQuality "1"]

1. d4 Nf6 2. c4 g6 3. Nc3 Bg7 4. e4 d6 5. f3 0-0 6. Be3 c5 7. Nge2 Nc6 8. d5 Ne5 9. Ng3 e6 10. Be2 exd5 11. cxd5 h5 12. 0-0 Nh7 13. Qd2 h4 14. Nh1 f5 15. Nf2 a6 16. a4 Qf6 17. f4 Nf7 18. e5 dxe5 19. Bxc5 Rd8 20. fxe5 Nxe5 21. Nfe4 Qf7 22. Bb6 Rf8 23. a5 Qd7 24. Nc5 Qd6 25. Rad1 Re8 26. N5a4 Bd7 27. Bc5 Qc7 28. d6 Qxa5 29. b4 Qd8 30. Nb6 Rb8 31. Ncd5 Re6 32. Rfe1 Kf8 33. Bf1 Nc6 34. Nf4 Rxe1 35. Nxg6+ Kg8 36. Rxe1 Bf6 37. Qh6 1-0

[Event "Minsk op"]
[Site "Minsk"]
[Date "2014.07.21"]
[Round "6"]
[White "Nosenko, Alexander"]
[Black "Lutsko, Igor"]
[Result "1-0"]
[WhiteElo "2508"]
[BlackElo "2355"]
[PlyCount "79"]
[EventDate "2014.07.16"]
[EventType "swiss"]
[EventRounds "9"]
[EventCountry "BLR"]
[SourceTitle "CBM 161 Extra"]
[Source "ChessBase"]
[SourceDate "2014.08.29"]
[SourceVersion "1"]
[SourceVersionDate "2014.08.29"]
[SourceQuality "1"]

1. d4 Nf6 2. c4 e6 3. Nc3 Bb4 4. e3 0-0 5. Nge2 d5 6. a3 Be7 7. Ng3 c5 8. dxc5 Bxc5 9. b4 Be7 10. Bb2 Nc6 11. Qc2 d4 12. Rd1 e5 13. Be2 Be6 14. 0-0 Rc8 15. Qb1 Qe8 16. Nb5 a6 17. exd4 axb5 18. d5 bxc4 19. dxe6 Nd4 20. Bxd4 exd4 21. Rxd4 b5 22. exf7+ Rxf7 23. a4 Kh8 24. Rc1 Bd8 25. axb5 c3 26. Rc4 Bb6 27. Rxc8 Qxc8 28. Qd3 Rc7 29. Rc2 Qf8 30. Bf3 h6 31. Rxc3 Rd7 32. Qc2 Qxb4 33. Rc8+ Ng8 34. Nf1 Qd4 35. h3 Ra7 36. Qd2 Rd7 37. Qxd4 Bxd4 38. Ne3 Kh7 39. Be4+ g6 40. Bxg6+ 1-0

[Event "Minsk op"]
[Site "Minsk"]
[Date "2014.07.18"]
[Round "3"]
[White "Omelja, Artem"]
[Black "Nosenko, Alexander"]
[Result "0-1"]
[WhiteElo "2253"]
[BlackElo "2508"]
[PlyCount "72"]
[EventDate "2014.07.16"]
[EventType "swiss"]
[EventRounds "9"]
[EventCountry "BLR"]
[SourceTitle "CBM 161 Extra"]
[Source "ChessBase"]
[SourceDate "2014.08.29"]
[SourceVersion "1"]
[SourceVersionDate "2014.08.29"]
[SourceQuality "1"]

1. d4 Nf6 2. c4 e6 3. Nc3 c5 4. d5 exd5 5. cxd5 Bd6 6. Bg5 0-0 7. e3 Re8 8. Bc4 a6 9. a4 h6 10. Bh4 Be5 11. Nf3 Bxc3+ 12. bxc3 d6 13. Nd2 Nbd7 14. 0-0 Ne5 15. f3 Bd7 16. e4 b5 17. axb5 axb5 18. Bb3 Qe7 19. Bc2 Ng6 20. Bg3 Nh5 21. f4 Nxg3 22. hxg3 Qf6 23. Rxa8 Rxa8 24. e5 dxe5 25. f5 Ne7 26. Ne4 Qb6 27. f6 c4+ 28. Kh2 Nf5 29. Qg4 g6 30. Re1 Ra2 31. Qh3 Rxc2 32. g4 Nd6 33. Qxh6 Ne8 34. Ra1 Qb7 35. Kg3 Qxd5 36. Rh1 Qd3+ 0-1

[Event "Voronezh op-A 18th"]
[Site "Voronezh"]
[Date "2014.06.21"]
[Round "9"]
[White "Nosenko, Alexander"]
[Black "Kunin, Vitaly L"]
[Result "1-0"]
[WhiteElo "2492"]
[BlackElo "2575"]
[PlyCount "89"]
[EventDate "2014.06.12"]
[EventType "swiss"]
[EventRounds "9"]
[EventCountry "RUS"]
[SourceTitle "CBM 160 Extra"]
[Source "ChessBase"]
[SourceDate "2014.07.01"]
[SourceVersion "1"]
[SourceVersionDate "2014.07.01"]
[SourceQuality "1"]

1. d4 d5 2. c4 dxc4 3. Nf3 Nf6 4. e3 Bg4 5. Bxc4 e6 6. h3 Bh5 7. Nc3 a6 8. g4 Bg6 9. Ne5 Nbd7 10. Nxg6 hxg6 11. Bf1 c5 12. Bg2 cxd4 13. exd4 Bb4 14. Qb3 Qe7 15. a3 Ba5 16. Qxb7 0-0 17. 0-0 Qd6 18. Ne2 Nd5 19. Bxd5 exd5 20. Bf4 Qe6 21. Nc3 Bxc3 22. bxc3 Nf6 23. f3 Qe2 24. Rae1 Qc2 25. Re3 Rac8 26. Bd6 Qd2 27. Rfe1 Rfe8 28. R1e2 Qc1+ 29. Kf2 Kh7 30. Be5 Rxc3 31. Rxc3 Qxc3 32. Qxf7 Qd3 33. h4 a5 34. h5 g5 35. Rb2 Qxa3 36. Bxf6 Qxb2+ 37. Kg3 Qb8+ 38. Kh3 Re7 39. Qxe7 Qg8 40. Be5 a4 41. f4 gxf4 42. g5 f3 43. g6+ Kh8 44. h6 Qc8+ 45. Kh4 1-0

[Event "Voronezh op-A 18th"]
[Site "Voronezh"]
[Date "2014.06.15"]
[Round "4"]
[White "Tukhaev, Adam"]
[Black "Nosenko, Alexander"]
[Result "0-1"]
[WhiteElo "2547"]
[BlackElo "2492"]
[PlyCount "104"]
[EventDate "2014.06.12"]
[EventType "swiss"]
[EventRounds "9"]
[EventCountry "RUS"]
[SourceTitle "CBM 160 Extra"]
[Source "ChessBase"]
[SourceDate "2014.07.01"]
[SourceVersion "1"]
[SourceVersionDate "2014.07.01"]
[SourceQuality "1"]

1. e4 Nf6 2. e5 Nd5 3. d4 d6 4. c4 Nb6 5. f4 dxe5 6. fxe5 Nc6 7. c5 Nd5 8. Bc4 Bf5 9. Ne2 e6 10. 0-0 Be7 11. Nbc3 Nxc3 12. bxc3 0-0 13. Nf4 Qd7 14. Qe2 Rad8 15. Kh1 h6 16. Nh5 Nxd4 17. cxd4 Qxd4 18. Bf4 Qxc5 19. Rac1 Qd4 20. Ng3 Bg6 21. Qf3 c6 22. Qb3 b6 23. h3 Bg5 24. Ne2 Qe4 25. Nc3 Qd4 26. Ne2 Qe4 27. Ba6 Bxf4 28. Nxf4 Bf5 29. Rce1 Qd4 30. Qf3 c5 31. g4 Bh7 32. Bb7 c4 33. Be4 Bxe4 34. Rxe4 Qc5 35. Re2 Rd7 36. Rg1 Rfd8 37. g5 Rd1 38. Reg2 Rxg1+ 39. Rxg1 Qxe5 40. gxh6 g6 41. Nxg6 fxg6 42. Rxg6+ Kh8 43. Rg2 Qf5 44. Qg3 Qf6 45. h7 Kxh7 46. Rf2 Qd4 47. Rg2 Qf6 48. Rf2 Rd1+ 49. Kh2 Qd4 50. Qc7+ Kh6 51. Qg3 c3 52. Re2 Rd2 0-1

[Event "Voronezh op-A 18th"]
[Site "Voronezh"]
[Date "2014.06.12"]
[Round "1"]
[White "Sukhareva, Evgenia"]
[Black "Nosenko, Alexander"]
[Result "0-1"]
[WhiteElo "2194"]
[BlackElo "2492"]
[PlyCount "72"]
[EventDate "2014.06.12"]
[EventType "swiss"]
[EventRounds "9"]
[EventCountry "RUS"]
[SourceTitle "CBM 160 Extra"]
[Source "ChessBase"]
[SourceDate "2014.07.01"]
[SourceVersion "1"]
[SourceVersionDate "2014.07.01"]
[SourceQuality "1"]

1. d4 f5 2. g3 Nf6 3. Bg2 g6 4. c4 Bg7 5. Nf3 0-0 6. Nc3 d6 7. d5 a5 8. 0-0 Na6 9. Rb1 Nc5 10. Qc2 Bd7 11. Ng5 c6 12. dxc6 bxc6 13. b3 e5 14. Rd1 Qe7 15. Qd2 h6 16. Nf3 Nce4 17. Nxe4 fxe4 18. Ne1 d5 19. cxd5 cxd5 20. Nc2 Qf7 21. Ba3 Rfc8 22. Ne3 Be6 23. Rdc1 Rxc1+ 24. Rxc1 a4 25. Bb2 axb3 26. axb3 Ra2 27. Nd1 d4 28. b4 Bb3 29. e3 Bxd1 30. Rxd1 Qb3 31. Rb1 d3 32. Bh3 Kh7 33. Qc1 Qc2 34. Be6 Qxc1+ 35. Bxc1 d2 36. Bxd2 Rxd2 0-1

[Event "Alushta Autumn 4th"]
[Site "Alushta"]
[Date "2013.09.15"]
[Round "9"]
[White "Nosenko, Alexander"]
[Black "Yandemirov, Valeri"]
[Result "1-0"]
[WhiteElo "2478"]
[BlackElo "2423"]
[PlyCount "99"]
[EventDate "2013.09.11"]
[EventType "tourn"]
[EventRounds "14"]
[EventCountry "UKR"]
[EventCategory "7"]
[SourceTitle "CBM 156 Extra"]
[Source "ChessBase"]
[SourceDate "2013.10.22"]
[SourceVersion "1"]
[SourceVersionDate "2013.10.22"]
[SourceQuality "1"]

1. d4 Nf6 2. Nf3 g6 3. Bf4 Bg7 4. e3 b6 5. Nbd2 Bb7 6. a4 a5 7. h3 0-0 8. c3 d6 9. Bc4 Nbd7 10. 0-0 Qe8 11. Bb5 e6 12. Qb1 Qe7 13. e4 e5 14. dxe5 dxe5 15. Be3 Nc5 16. Bxc5 Qxc5 17. Re1 Rad8 18. Bf1 Nh5 19. Bc4 Nf4 20. b4 axb4 21. cxb4 Qe7 22. a5 Rxd2 23. Nxd2 Qg5 24. Bf1 Nxh3+ 25. Kh2 Qxd2 26. gxh3 Qxf2+ 27. Bg2 Bh6 28. Qd3 Kg7 29. Rf1 Bf4+ 30. Kh1 Qh4 31. a6 Ba8 32. Rad1 f5 33. exf5 Bxg2+ 34. Kxg2 gxf5 35. Rg1 Kh6 36. Kf1 Qe7 37. Qc3 c5 38. bxc5 Qxc5 39. Qxc5 bxc5 40. Rd6+ Kh5 41. a7 Ra8 42. Rg7 h6 43. Rb6 e4 44. Rf6 Bg5 45. Rxf5 Kh4 46. Rxc5 Kxh3 47. Ke2 Rd8 48. Ra5 Rd2+ 49. Ke1 e3 50. Rgxg5 1-0